Štúrovci

Bibliographic Details
Main Author: Belluš, Imrich, 1940- (Author)
Format: Book
Language:Slovak
PhysicalDescription:[25] listov v prebale fotogr. 15 cm
Published: Tlmače SB Press 2001
ISBN:8096843117
Subjects:

MARC

LEADER 00000nam a2200000 a 4500
001 vtls001441622
003 SK-MaSNL
005 20260301190748.0
008 240314s2001 xo a rd d 0 slo
015 |a SNBE2003/01-00124 
020 |a 8096843117 
035 |a SNK000396817 
040 |a SNK  |b slo  |c SNK  |e AACR2 
041 0 |a slo 
044 |a xo  |c SK 
080 |a 821.162.4-055.1:929(083.9)  |2 1981 
080 |a 929  |2 1981 
100 1 |a Belluš, Imrich,  |d 1940-  |4 aut  |9 202442 
245 1 0 |a Štúrovci  |c autor: Imrich Belluš 
260 |a Tlmače  |b SB Press  |c 2001 
300 |a [25] listov v prebale  |b fotogr.  |c 15 cm 
500 |a Voľné listy v prebale 
500 |a Odporúčané ako doplnková literatúra vo vyučovacom procese pre ZŠ a SŠ 
504 |a Biogr. údaje 
650 0 7 |a štúrovci  |2 SNK  |9 59026 
655 7 |a informačné publikácie  |2 SNK  |9 70181 
919 |a 80-968431-1-7 
958 |a TL 
958 |a BQ 
958 |a BX 
999 |c 868747  |d 870677 
952 |t P60, <03>, [BOOK], {603}  |a SNK  |b SNK  |y PREZ  |7 0  |p 17A0357558  |o snkOSE 3854  |i snkKSP 12209/2002  |0 0  |1 0  |4 0  |d 2002-10-01  |l 0  |r 2005-01-02 00:00:00  |w 2026-02-24 
952 |t s. 24  |a SNK  |b SNK  |y PREZ  |7 0  |p 17A0357559  |o snkOSE 3854 D1  |i snkKSP 12210/2002  |3 24 listov  |0 0  |1 0  |4 0  |d 2002-10-01  |l 0  |r 2005-01-02 00:00:00  |w 2026-02-24